000
00314cam a22001217a 4500
008
180718b1955 xxu||||| |||| 00| 0 eng d
082
_a
B2 P697 T212
100
_a
Taylor, A.E.
245
_a
Plato: the man and his work
_c
by A.E. Taylor
260
_a
London
_b
Methuen
_c
1955
300
_a
xii, 562p
650
_a
Plato.
999
_c
419793
_d
419793